[Event "London Phillips&Drew"]
[Site "London"]
[Date "1982.??.??"]
[Round "?"]
[White "Christiansen, Larry Mark"]
[Black "Karpov, Anatoly"]
[Result "1/2-1/2"]
[WhiteElo "2585"]
[BlackElo "2720"]
[PlyCount "89"]
[EventDate "1982.04.??"]
[EventType "tourn"]
[EventRounds "13"]
[EventCountry "ENG"]
[EventCategory "14"]
[SourceTitle "MCD"]
[Source "ChessBase"]
[SourceDate "1999.07.01"]
[SourceVersion "1"]
[SourceVersionDate "1999.07.01"]
[SourceQuality "1"]

1. d4 Nf6 2. Nf3 e6 3. c4 d5 4. Nc3 Be7 5. Bg5 h6 6. Bh4 O-O 7. Rc1 dxc4 8. e3 c5 9. Bxc4 cxd4 10. exd4 Nc6 11. O-O Nh5 12. Bxe7 Nxe7 13. Re1 Nf6 14. Ne5 Bd7 15. Qb3 Rb8 16. Rcd1 b5 17. Nxd7 $146 ({RR} 17. Bf1 b4 18. Ne4 Nxe4 19. Rxe4 Bb5 20. Bxb5 Rxb5 21. Nc4 Qd7 22. Re5 Rd8 23. Rxb5 Qxb5 24. Ne3 a6 25. Rd2 Nf5 26. a4 Qe8 27. Nxf5 exf5 28. Kf1 Qe4 29. Qd3 Qd5 30. h3 {½-½ (30) Balashov,Y (2530)-Timoscenko,G (2475) Irkutsk 1986}) 17... Nxd7 18. Bd3 Nf6 19. Bb1 a6 20. Ne4 Ned5 21. g3 Rb6 22. Nc5 Rc6 23. a3 Qb6 24. Qd3 Rd8 25. b4 Rc7 26. Qd2 Ra8 27. Rc1 a5 28. bxa5 Qxa5 29. Qxa5 Rxa5 30. Bd3 g5 31. Rb1 Rxa3 32. Bxb5 Nc3 33. Rb2 Nxb5 34. Rxb5 Ra2 35. Reb1 Rd2 36. Rb8+ Kg7 37. R1b7 Rxb7 38. Rxb7 Kg6 39. Nd7 Nxd7 40. Rxd7 h5 41. h3 h4 42. gxh4 gxh4 43. Kg2 Rd3 44. Kh2 Kg7 45. Rd8 1/2-1/2

[Event "(GER-ch) International04"]
[Site "Bad Lauterberg"]
[Date "1977.03.10"]
[Round "5"]
[White "Gerusel, Mathias"]
[Black "Karpov, Anatoly"]
[Result "0-1"]
[WhiteElo "2420"]
[BlackElo "2690"]
[PlyCount "80"]
[EventDate "1977.03.06"]
[EventType "tourn"]
[EventRounds "15"]
[EventCountry "GER"]
[EventCategory "12"]
[SourceTitle "EXT 2002"]
[Source "ChessBase"]
[SourceDate "2001.11.25"]
[SourceVersion "1"]
[SourceVersionDate "2001.11.25"]
[SourceQuality "1"]

1. d4 Nf6 2. c4 e6 3. Nc3 d5 4. Bg5 Be7 5. e3 O-O 6. Rc1 h6 7. Bh4 b6 8. cxd5 exd5 ({RR} 8... Nxd5 9. Bxe7 Qxe7 10. Qc2 Nxc3 11. Qxc3 c5 12. Nf3 Bb7 13. Be2 Nd7 14. O-O Rfc8 15. Rfd1 cxd4 {½-½ (15) Azmaiparashvili,Z (2674)-Kasimdzhanov,R (2706) Moscow 2001}) ({RR} 8... Nxd5 9. Nxd5 exd5 10. Bxe7 Qxe7 11. Qc2 c6 12. Nf3 Bb7 13. Bd3 Nd7 14. O-O g6 15. Rfe1 c5 16. dxc5 bxc5 17. e4 d4 18. Qb3 Bc6 19. Qa3 Rfe8 20. b4 cxb4 21. Qa5 Qd6 22. e5 Qd5 23. Qxb4 {Iniyan,P (2573)-Srihari,L (2386) Mumbai IND 2026 1-0 (74)}) 9. Be2 $146 ({RR} 9. Bd3 Be6 10. Nge2 Nbd7 11. Bg3 c5 12. Ba6 cxd4 13. exd4 Bb4 14. O-O Qe7 15. Nf4 Bxc3 16. bxc3 Rad8 17. Re1 Ne4 18. Bd3 Nxg3 19. hxg3 Qa3 20. Nxe6 fxe6 21. Rxe6 Qxa2 22. Qe1 a5 23. Re7 Kh8 {Lilienthal,A-Pietzsch,W Tbilisi 1965 1-0 (38)}) ({RR} 9. Bd3 Be6 10. Nge2 c6 11. O-O Nbd7 12. Qa4 b5 13. Qc2 Nb6 14. Bxf6 Bxf6 15. Nf4 Bd7 16. Bf5 Be8 17. Nd3 g6 18. Bh3 Kg7 19. Ne2 Qe7 20. Qc5 Qb7 21. Qd6 Nc4 22. Qg3 Nd2 23. Nc5 Nxf1 {Bennett,A-Vucic,M (2380) New York 1991 0-1 (37)}) 9... Bb7 10. Bf3 Nbd7 11. Nge2 Ne4 12. Bxe7 Qxe7 13. Nf4 Ndf6 14. O-O c6 15. Qc2 Rfe8 16. Rfd1 Rac8 17. Qa4 Nxf2 18. Re1 b5 19. Qa5 N2e4 20. Nxe4 dxe4 21. Bd1 a6 22. a4 c5 23. axb5 axb5 24. dxc5 Rxc5 25. Bb3 Ng4 26. Qb6 Rcc8 27. Rf1 Rxc1 28. Rxc1 Rc8 29. Rxc8+ Bxc8 30. h3 Ne5 31. Qxb5 Kh7 32. Bd5 Bf5 33. Bxf7 Bd7 34. Bg8+ Kxg8 35. Qd5+ Nf7 36. Ng6 Qe6 37. Qa8+ Be8 38. b4 Nd6 39. Nf4 Qb3 40. Qa7 Nf5 0-1

[Event "World Team-ch01"]
[Site "Luzern"]
[Date "1985.11.19"]
[Round "3.1"]
[White "Karpov, Anatoly"]
[Black "Spassky, Boris Vasilievich"]
[Result "1-0"]
[WhiteElo "2705"]
[BlackElo "2580"]
[PlyCount "179"]
[EventDate "1985.11.16"]
[EventType "team-tourn"]
[EventRounds "9"]
[EventCountry "SUI"]
[SourceTitle "MCD"]
[Source "ChessBase"]
[SourceDate "1999.07.01"]
[SourceVersion "1"]
[SourceVersionDate "1999.07.01"]
[SourceQuality "1"]
[WhiteTeam "Soviet Union"]
[BlackTeam "France"]
[WhiteTeamCountry "URS"]
[BlackTeamCountry "FRA"]

1. d4 d5 2. c4 e6 3. Nc3 Be7 4. Nf3 Nf6 5. Bg5 O-O 6. e3 h6 7. Bxf6 Bxf6 8. Rc1 c6 9. Bd3 Nd7 10. O-O dxc4 11. Bxc4 b6 12. e4 Bb7 13. e5 Be7 14. Qe2 b5 $146 ({RR} 14... Re8 15. Rfd1 b5 16. Bd3 Qb6 17. Qe4 Nf8 18. Qe3 c5 19. Nxb5 cxd4 20. Qxd4 Red8 21. Qxb6 axb6 22. a3 Bxf3 23. gxf3 Bg5 24. Rb1 Nd7 25. Be4 Rab8 26. b4 Nxe5 27. Kg2 f5 28. Bc2 Ng6 29. Bb3 {Portisch,L (2610)-Spassky,B (2610) London 1986 ½-½ (35)}) ({RR} 14... Rc8 15. Rfd1 Qc7 16. Bb3 Qb8 17. Rc2 Rfe8 18. Rcd2 Bf8 19. h4 a6 20. h5 c5 21. d5 exd5 22. Bxd5 Bxd5 23. Rxd5 Nf6 24. R5d2 b5 25. Ne4 Nxh5 26. Qe3 Rc6 27. Rd5 Qc8 28. Nh2 Qf5 29. g4 {Jakovljevic,V (2365)-Mesic,I (2242) Banja Luka BIH 2024 0-1 (37)}) 15. Bd3 c5 16. Nxb5 cxd4 17. Be4 Bxe4 18. Qxe4 Qb6 19. Nbxd4 Nc5 20. Qe2 a5 21. Rc4 a4 22. Rfc1 Rfd8 23. h3 Rd5 24. R1c2 Bf8 25. R2c3 Rb8 26. b4 axb3 27. axb3 Nd7 28. Nc6 Ra8 29. b4 Ra1+ 30. Kh2 Qa6 31. Rc2 Nb6 32. Re4 Qxe2 33. Rexe2 Rdd1 34. Ra2 Nd5 35. Rxa1 Rxa1 36. Rb2 Ra4 37. b5 Bc5 38. g3 g5 39. Kg2 Kg7 40. Nd2 Bb6 41. Rc2 Ra1 42. Nc4 Bc5 43. Nd6 Bb6 44. Rb2 Bc5 45. Nd8 Bd4 46. Rc2 Bxe5 47. N8xf7 Bxd6 48. Nxd6 Rb1 49. Rc8 h5 50. Re8 Kf6 51. Rh8 h4 52. Rh6+ Ke7 53. Ne4 hxg3 54. Kxg3 Rxb5 55. Rh7+ Kf8 56. Nxg5 Kg8 57. Rd7 Rb6 58. Ne4 Kf8 59. h4 Ke8 60. Ra7 Kf8 61. f3 e5 62. Ra5 Rg6+ 63. Kh2 Nf4 64. Rxe5 Rg2+ 65. Kh1 Rg7 66. Rf5+ Rf7 67. Rxf7+ Kxf7 68. Kh2 Kg6 69. Kg3 Nd5 70. Nd6 Ne3 71. Kf4 Ng2+ 72. Kg4 Ne3+ 73. Kf4 Ng2+ 74. Kg3 Ne3 75. Ne4 Nd5 76. Nc5 Kf5 77. Nd3 Nf6 78. Nf4 Ke5 79. Ng2 Kf5 80. Ne3+ Kg6 81. f4 Ne4+ 82. Kf3 Nf6 83. f5+ Kh5 84. Ng2 Nd7 85. Kg3 Kh6 86. Ne3 Kh5 87. Ng4 Nc5 88. Nf6+ Kh6 89. Kg4 Nd3 90. Nd7 1-0

[Event "Novokuznetsk-ch op"]
[Site "Novokuznetsk"]
[Date "2010.11.21"]
[Round "3"]
[White "Bureev, Danila"]
[Black "Karpov, Arkadiy"]
[Result "0-1"]
[WhiteElo "1889"]
[BlackElo "2000"]
[PlyCount "76"]
[EventDate "2010.11.14"]
[EventType "swiss"]
[EventRounds "9"]
[EventCountry "RUS"]
[SourceTitle "EXT 2022"]
[Source "ChessBase"]
[SourceDate "2021.10.06"]
[SourceVersion "1"]
[SourceVersionDate "2021.10.06"]
[SourceQuality "1"]

1. Nf3 d5 2. d4 Nf6 3. c4 e6 4. Nc3 Be7 5. Bg5 O-O 6. e3 b6 7. Qc2 Bb7 8. cxd5 exd5 9. Bd3 h6 10. h4 c5 11. Bxf6 Bxf6 12. O-O-O Nc6 13. a3 cxd4 14. exd4 Rc8 $146 ({RR} 14... Qd6 15. Kb1 a6 16. g4 Qf4 17. Nxd5 Qd6 18. Nxf6+ Qxf6 19. Be4 Rac8 20. Qd3 Qf4 21. d5 Rfd8 22. Rhe1 Na5 23. d6 Qxg4 24. Bxb7 Nxb7 25. d7 Ra8 26. Qd5 Nc5 27. Qxa8 Rxa8 28. Re8+ Kh7 29. Rxa8 {Gaerths,C-Weise,B Magdeburg 1991 0-1 (49)}) ({RR} 14... Qd6 15. Kb1 Rfd8 16. Qd2 Kh8 17. Bc2 Ba6 18. g4 Na5 19. g5 Nc4 20. Qc1 Be7 21. gxh6 Qxh6 22. Qxh6+ gxh6 23. Rde1 Bf6 24. Bf5 Bc8 25. Bd3 Be6 26. Nb5 Rd7 27. Ne5 Bxe5 28. dxe5 d4 29. Bxc4 {Bisguier,A (2385)-Jabli,R Los Angeles 1996 1-0 (60)}) 15. g4 g6 16. g5 Nxd4 17. Nxd4 Bxd4 18. Bxg6 Bg7 19. Bf5 Rc7 20. gxh6 Bxh6+ 21. Kb1 Qf6 22. Bh3 d4 23. Nd5 Bxd5 24. Rhg1+ Kh8 25. Qxc7 Be4+ 26. Ka1 Rd8 27. f3 Bg6 28. Bf1 Bf4 29. Qc4 b5 30. Qb3 b4 31. axb4 d3 32. Bxd3 Bxd3 33. Rxd3 Qa6+ 34. Qa3 Qxd3 35. Qxa7 Qd5 36. Qc5 Ra8+ 37. Kb1 Qd3+ 38. Qc2 Ra1+ 0-1

[Event "Brussels"]
[Site "Brussels"]
[Date "1987.04.16"]
[Round "6"]
[White "Karpov, Anatoly"]
[Black "Short, Nigel D"]
[Result "1-0"]
[WhiteElo "2710"]
[BlackElo "2615"]
[PlyCount "87"]
[EventDate "1987.04.10"]
[EventType "tourn"]
[EventRounds "11"]
[EventCountry "BEL"]
[EventCategory "14"]
[SourceTitle "CBM 002"]
[Source "ChessBase"]
[SourceDate "1988.02.01"]
[SourceVersion "1"]
[SourceVersionDate "1988.02.01"]
[SourceQuality "1"]

1. d4 Nf6 2. c4 e6 3. Nf3 d5 4. Nc3 Be7 5. Bg5 h6 ({RR} 5... O-O 6. e3 h6 7. Bxf6 {½-½ (20) Sanetra,S (2048)-Sanetra,P (2078) Augustow 2007}) 6. Bxf6 Bxf6 7. e3 O-O 8. Rc1 a6 9. a3 c6 10. Bd3 Nd7 11. O-O b5 12. cxd5 cxd5 13. Ne2 Bb7 14. Bb1 Re8 15. Qd3 g6 16. Rfe1 Rc8 17. Rxc8 Qxc8 18. h4 e5 19. dxe5 Nxe5 20. Nxe5 Rxe5 21. Nf4 $146 d4 22. Qxd4 Qc6 23. e4 Rc5 24. Qe3 Bxh4 25. Nd3 Rh5 26. Ba2 Bd8 27. Nf4 Rg5 28. Bd5 Qc8 29. Bxb7 Qxb7 30. Nd5 Kh7 31. Qd4 Qc8 32. Rd1 Qe6 33. Rd3 h5 34. Rf3 Kg8 35. Rd3 Kh7 36. Rf3 Kg8 37. Kf1 Re5 38. Re3 Qd6 39. f4 Re8 40. e5 Qe6 41. Kg1 Qg4 42. Kh2 Bh4 43. Rf3 Rc8 44. Ne3 1-0

[Event "World-ch31-KK2 Kasparov-Karpov +5-3=16"]
[Site "Moscow"]
[Date "1985.11.07"]
[Round "23"]
[White "Kasparov, Garry"]
[Black "Karpov, Anatoly"]
[Result "1/2-1/2"]
[WhiteElo "2700"]
[BlackElo "2720"]
[PlyCount "81"]
[EventDate "1985.09.03"]
[EventType "match"]
[EventRounds "24"]
[EventCountry "URS"]
[SourceTitle "MainBase"]
[Source "ChessBase"]
[SourceDate "1999.07.01"]
[SourceVersion "2"]
[SourceVersionDate "1999.07.01"]
[SourceQuality "1"]

1. d4 d5 2. c4 e6 3. Nc3 Be7 4. Nf3 Nf6 5. Bg5 h6 6. Bxf6 Bxf6 7. e3 O-O 8. Rc1 c6 9. Bd3 Nd7 10. O-O dxc4 11. Bxc4 e5 12. h3 exd4 13. exd4 Nb6 14. Bb3 Re8 15. Re1 Bf5 16. Rxe8+ Qxe8 17. Qd2 Qd7 18. Re1 Rd8 19. Qf4 Nd5 20. Nxd5 cxd5 21. Ne5 Bxe5 22. Rxe5 Be6 23. Qe3 Kf8 24. Qd3 f6 $146 ({RR} 24... Qc7 25. Qe3 Rd6 26. Qd2 a6 27. Re1 Rc6 28. h4 Qd6 29. g3 Bf5 30. Kg2 Rc8 31. Qa5 Be6 32. Re3 Rc7 33. Bd1 Rc4 34. Rd3 Qc7 35. Qa3+ Qe7 36. Qxe7+ Kxe7 37. Bb3 Rb4 38. Kf3 Kd6 39. Ke3 {Armas,J (2345)-Diaz Diaz,J (2365) Havana 1986 ½-½ (42)}) 25. Re1 Bf7 26. Qc3 Qd6 27. Rc1 Be8 28. Bd1 a6 29. Bf3 g6 30. h4 h5 31. g3 Bf7 32. a4 Rd7 33. a5 Kg7 34. Qb3 Qe6 35. Qb4 Qe8 36. Kg2 Qd8 37. Rc5 Qe7 38. Qc3 g5 39. Qe3 g4 40. Bd1 Qe4+ 41. Kg1 1/2-1/2

[Event "World-ch32-KK3 Kasparov-Karpov +5-4=15"]
[Site "London/Leningrad"]
[Date "1986.10.03"]
[Round "22"]
[White "Kasparov, Garry"]
[Black "Karpov, Anatoly"]
[Result "1-0"]
[WhiteElo "2740"]
[BlackElo "2705"]
[Annotator "Lutz,Christopher"]
[PlyCount "91"]
[EventDate "1986.07.28"]
[EventType "match"]
[EventRounds "24"]
[EventCountry "URS"]
[SourceTitle "100 Jahre Schach"]
[Source "ChessBase"]
[SourceDate "2000.04.19"]
[SourceVersion "1"]
[SourceVersionDate "2000.04.19"]
[SourceQuality "1"]

{Der 3. WM-Kampf zwischen Karpow und Kasparow sah die Rollen der beiden Kontrahenten vertauscht: Kasparow als amtierendem Weltmeister genügte ein Unentschieden, um den Titel zu gewinnen, also ein 12:12 aus 24 Partien. Zunächst sah es so aus, als würde er dieses Ziel problemlos erreichen, denn nach 16 Partien führte Kasparow mit 9,5:6,5. Dann musste er in den Partien 17, 18, und 19 jedoch drei Niederlagen hinnehmen und auf einmal wurde das Match wieder spannend. Kasparow beschuldigte seinen damaligen Sekundanten Wladimirow, geheime Analysen an Karpow weitergegeben zu haben und so für die drei Niederlagen verantwortlich zu sein. Kasparow konnte dies jedoch nicht beweisen, daher liegt die Vermutung nahe, dass er lediglich einen Sündenbock für sein eigenes Versagen brauchte. Durch den Sieg in der vorliegenden Partie konnte Kasparow jedoch alle Zweifel an der Titelverteidigung ausräumen und gewann letztlich mit 12,5:11,5. Bei meinen Kommentaren stütze ich mich auf die Analysen Kasparows im Informator 42/575.} 1. d4 Nf6 2. c4 e6 3. Nf3 d5 4. Nc3 Be7 5. Bg5 h6 6. Bxf6 Bxf6 7. e3 O-O 8. Rc1 c6 9. Bd3 Nd7 10. O-O dxc4 11. Bxc4 e5 12. h3 $5 {In den vorangehenden Partien des WM-Matchs wurde dieser Zug mehrfach getestet, und es dauerte einige Jahre, bis eine wirksame Ausgleichsfortsetzung für Schwarz gefunden wurde (vergleiche die Anmerkung zum 18. Zug von Schwarz). Die Idee ist, eine Isolani-Stllung herbeizuführen, in der der weiße Läufer einen unangenehmen Druck entlang der Diagonalen a2-g8 entfalten kann.} (12. Ne4 exd4 13. Nxf6+ Nxf6 14. Qxd4 Qxd4 15. Nxd4 Bd7 {führt zu einem ausgeglichenem Endspiel}) (12. Bb3 exd4 13. exd4 {ist nur scheinbar eine Zugumstellung zur Partie, denn statt 13...b6?! 14.h3 kann Schwarz besser} Re8 {nebst ...f8 und ...e6 spielen, und so den gefährlichen b3 abtauschen. Schwarz hat dann keinerlei Probleme mehr.}) 12... exd4 13. exd4 Nb6 ({Hier zeigt sich die Pointe, warum Kasparow erst 12.h3 (statt 12.b3 gespielt hat): Nach} 13... Re8 {kann} 14. Qb3 {mit Angriff gegen f7 geschehen, z.B.} Rf8 15. Qc2 Re8 16. Rfe1 Rxe1+ 17. Rxe1 Nf8 18. Qb3 Qc7 19. Ne4 Bd8 20. Ne5 Be6 21. Bxe6 Nxe6 22. Nxf7 Qxf7 23. Nd6 Qd7 24. Rxe6 Kh8 25. Re8+ Kh7 26. Qd3+ g6 27. Qb3 {und 1:0 in einer Partie Hellsten,J-Olesen,M (Kopenhagen 1995)}) 14. Bb3 Bf5 15. Re1 a5 16. a3 Re8 17. Rxe8+ Qxe8 18. Qd2 Nd7 $6 {Dieser Zug ist ungenau, da er nicht das Problem entlang der Diagonalen a2-g8 löst.} (18... Be6 $6 19. Re1 {nebst xe6 schwächt die schwarze Bauernstellung.}) ({Wie in den Jahren nach dieser Partie jedoch festgestellt wurde, ist} 18... Qd7 $1 {der richtige Zug. Jetzt droht ...e6, und nach} 19. Re1 Re8 20. Rxe8+ Qxe8 21. Qf4 Be6 $1 22. Bxe6 Qxe6 {kann Weiß keinen Vorteil erlangen, z.B.} 23. Qc7 (23. Qb8+ Qc8 24. Qa7 Nc4 {verspricht Weiß ebenfalls nichts.}) 23... Nc4 24. Qxb7 Bxd4 25. Nxd4 Qe1+ 26. Kh2 Qe5+ 27. g3 Qxd4 28. Qc8+ Kh7 29. Qf5+ $11 {mit Dauerschach, wie in einigen Partien tatsächlich geschah. Infolgedessen verlor das gesamte System mit 8.c1 an Popularität und wird heute nur noch selten angewandt.}) 19. Qf4 Bg6 20. h4 $1 {Durch die Drohung h4-h5 will Weiß ...h6-h5 provozieren.} Qd8 21. Na4 {Neben dem Feld e5 ist das Feld c5 ein wichtiger Stützpunkt.} h5 $1 {Schwächt das Feld g5, aber dennoch war dieser Zug unumgänglich.} (21... Qb8 $6 22. Qg4 Nf8 23. h5 Bh7 24. Nc5 {mit großem Vorteil (Kasparow)}) 22. Re1 b5 $5 {Eine interessante Entscheidung. Schwarz schwächt den c6, bekommt dafür aber Gegenspiel am Damenflügel.} (22... Qb8 23. Qe3 Qd6 24. Nc3 $14 {(Kasparow) ist die 'normale' Fortsetzung. Weiß behält Vorteil, da Schwarz auf der e-Linie und der Diagonalen a2-g8 nichts entgegenzusetzen hat.}) 23. Nc3 Qb8 24. Qe3 $146 ({RR} 24. Ne5 Bxe5 25. dxe5 Nc5 26. Ba2 b4 27. Qg5 Kh7 28. Ne4 Nxe4 29. Rxe4 bxa3 30. e6 f6 31. Qe3 Qxb2 32. e7 Qxa2 33. e8=Q Rxe8 34. Rxe8 Bxe8 35. Qxe8 Qa1+ {0-1 (35) Kishnev,S (2360)-Kremenietsky,A (2395) Moscow 1986}) 24... b4 25. Ne4 bxa3 ({Schwarz kann mit} 25... Bxe4 $2 {keinen Bauern gewinnen, denn} 26. Qxe4 bxa3 27. Qxc6 axb2 28. Qd5 $1 {gewinnt für Weiß.}) 26. Nxf6+ Nxf6 27. bxa3 Nd5 28. Bxd5 cxd5 29. Ne5 {Schwarz hat die Diagonale a2-g8 endlich geschlossen, aber jetzt hat er ein neues Problem: Der e5 ist deutlich stärker als der g6.} Qd8 30. Qf3 Ra6 31. Rc1 Kh7 $6 {Dieser Zug wird von Kasparow kritisiert.} ({Er gibt eine längere Variante an:} 31... Qxh4 {(Schwarz wäre natürlich froh, wenn er sein Sorgenkind, den d5 abtauschen kann, allerdings verliert er einen weiteren Bauern)} 32. Qxd5 Kh7 33. Nf3 Qg4 34. Ng5+ Kh6 35. Nxf7+ Bxf7 36. Qxf7 Rf6 37. Qc4 Rg6 38. g3 h4 39. Rc3 {und trotz des Mehrbauern schätzt Kasparow die Stellung als nur leicht vorteilhaft für Weiß ein. In der Tat gestaltet sich bei Schwerfigurenendspielen die Verwertung eines Materialvorteils oftmals schwierig.}) 32. Qh3 Rb6 33. Rc8 {Durch den Turm auf der 8.Reihe kann Weiß einige lästige Drohungen aufstellen.} Qd6 34. Qg3 a4 $2 {Dieser Zug verliert den a-Bauern, ohne dass Schwarz sich befreien kann.} (34... Rb1+ 35. Kh2 Qa6 {ist besser. Schwarz stellt die Gegendrohung ...f1 auf.} 36. Re8 $1 {Um die e.Linie zu kontrollieren.} (36. Rf8 $2 Qf1 37. Qf3 a4 $1 {(um ...b3 zu ermöglichen)} 38. Nxf7 Bxf7 39. Qxf7 Qg1+ 40. Kg3 Rb3+ 41. f3 Qe1+ $11 {mit Dauerschach (Kasparow)}) 36... Qb5 (36... Qf1 37. Qf3 {führt jetzt zu nichts, da die schwarzen Dame nicht mehr Dauerschach geben kann}) 37. Ra8 {mit klarem Vorteil (Kasparow). Eine mögliche Variante ist} Qf1 38. Qf3 Qg1+ 39. Kg3 Qd1 40. Qxd5 Qb3+ 41. Qxb3 Rxb3+ 42. f3 Rxa3 43. d5 {. Weiß hat großen Vorteil, aber er hat noch nicht gewonnen.}) 35. Ra8 $1 Qe6 $1 {Wegen taktischer Wendungen kann der b6 nicht ziehen:} (35... Rb3 36. Rh8+ $1 Kxh8 37. Nxf7+ $18 {(Kasparow)}) (35... Ra6 36. Nxf7 $1 Bxf7 37. Qd3+ $18 {(Kasparow)}) 36. Rxa4 Qf5 37. Ra7 $1 Rb1+ 38. Kh2 Rc1 (38... Rb2 39. Nf3 f6 40. Qc7 $18 {(Kasparow)}) 39. Rb7 Rc2 40. f3 (40. Nf3 {ist weniger überzeugend, denn nach} f6 41. Qd6 Kh6 ({Kasparow empfiehlt} 41... Qg4 $2 {, dies scheitert jedoch einfach an} 42. Qxf6) 42. Rb8 (42. Qf8 $2 Qf4+ {, und Weiß wird matt}) 42... Qg4 43. Rh8+ Bh7 {, und es geht nicht weiter für Weiß.}) 40... Rd2 41. Nd7 $1 {Der Beginn der genau berechneten Schlusskombination.} (41. Rb4 $2 f6 {(Kasparow) ist zu passiv.}) 41... Rxd4 42. Nf8+ Kh6 {Die 8. Reihe ist dem König wegen 43.b8 verwehrt, aber nun muss die schwarze Dame das Feld g5 bewachen.} 43. Rb4 $1 {Nach dem Abtausch der Türme sind die restlichen schwarzen Figuren mit der Verteidigung des eingeklemmten Königs überfordert.} Rc4 {Kasparows Analysen weisen auch nach anderen Zügen einen Gewinn nach:} (43... Rxb4 44. axb4 d4 45. b5 d3 46. b6 d2 47. b7 d1=Q 48. b8=Q Qc1 49. Nxg6 Qxg6 50. Qh8+ Qh7 51. Qgxg7#) (43... Rd1 44. Rb8 Bh7 45. Qg5+ Qxg5 46. hxg5+ Kxg5 47. Nxh7+ $18) (43... Rd3 44. a4 ({besser als} 44. Rb8 Bh7 45. Qg5+ Qxg5 46. hxg5+ Kxg5 47. Nxh7+ Kh6 48. Nf8 Rxa3) 44... Re3 45. Rb8 Bh7 46. Qg5+ Qxg5 47. hxg5+ Kxg5 48. Nxh7+ $18) 44. Rxc4 dxc4 45. Qd6 $1 c3 {Der einzige Zug, um ein sofortiges Matt auf der Diagonalen c1-h6 abbzuwenden.} 46. Qd4 {Schwarz gab auf.} ({Einige Varianten Kasparows rechtfertigen diese Entscheidung:} 46. Qd4 Bh7 47. Qxc3 Bg8 (47... g5 48. Qe3 f6 49. hxg5+ fxg5 50. Nxh7 Kxh7 51. Qe4 $18) 48. Qe3+ g5 49. Qxg5+ Qxg5 50. hxg5+ Kxg5 51. a4 f5 52. a5 Bc4 53. Nd7 Kf4 54. Nc5 Ke5 55. a6 Kd6 56. a7 Bd5 57. Nd3 Kc7 58. Nf4 $18 {, und Schwarz verliert seine beiden Bauern.}) 1-0

[Event "World-ch32-KK3 Kasparov-Karpov +5-4=15"]
[Site "London/Leningrad"]
[Date "1986.08.22"]
[Round "10"]
[White "Kasparov, Garry"]
[Black "Karpov, Anatoly"]
[Result "1/2-1/2"]
[WhiteElo "2740"]
[BlackElo "2705"]
[PlyCount "86"]
[EventDate "1986.07.28"]
[EventType "match"]
[EventRounds "24"]
[EventCountry "URS"]
[SourceTitle "MainBase"]
[Source "ChessBase"]
[SourceDate "1999.07.01"]
[SourceVersion "2"]
[SourceVersionDate "1999.07.01"]
[SourceQuality "1"]

1. d4 d5 2. c4 e6 3. Nc3 Be7 4. Nf3 Nf6 5. Bg5 h6 6. Bxf6 Bxf6 7. e3 O-O 8. Rc1 c6 9. Bd3 Nd7 10. O-O dxc4 11. Bxc4 e5 12. h3 exd4 13. exd4 c5 14. Bb3 cxd4 15. Nd5 b6 16. Nxd4 Bxd4 17. Qxd4 Nc5 18. Bc4 Bb7 19. Rfd1 Rc8 $146 ({RR} 19... Re8 20. Qg4 Rc8 21. Ne3 Qf6 22. Bd5 Nd3 23. Rxc8 Qxf2+ 24. Kh1 Bxc8 25. Qc4 Nxb2 26. Rf1 Nxc4 27. Rxf2 Nd6 28. Rf3 Re5 29. Bb3 Bb7 30. Rg3 Ne4 31. Rf3 Nf6 {0-1 (31) Wilder,M (2485)-Nickoloff,B (2375) Toronto 1987}) 20. Qg4 Bxd5 21. Rxd5 Qe7 22. Rcd1 Qe4 23. Qxe4 Nxe4 24. Ba6 Nf6 25. Bxc8 Nxd5 26. Ba6 Nf6 27. f4 Re8 28. Kf2 Kf8 29. Kf3 Re7 30. Rd8+ Re8 31. Rxe8+ Nxe8 32. Ke4 Ke7 33. Bc4 Nc7 34. Ke5 f6+ 35. Kf5 Ne8 36. Ke4 Nc7 37. h4 Kd6 38. Kf5 Ke7 39. Kg6 Kf8 40. Kf5 Ke7 41. Ke4 Kd6 42. g4 Ke7 43. b4 Kd6 1/2-1/2

[Event "World-ch31-KK2 Kasparov-Karpov +5-3=16"]
[Site "Moscow"]
[Date "1985.09.10"]
[Round "3"]
[White "Kasparov, Garry"]
[Black "Karpov, Anatoly"]
[Result "1/2-1/2"]
[WhiteElo "2700"]
[BlackElo "2720"]
[PlyCount "40"]
[EventDate "1985.09.03"]
[EventType "match"]
[EventRounds "24"]
[EventCountry "URS"]
[SourceTitle "MainBase"]
[Source "ChessBase"]
[SourceDate "1999.07.01"]
[SourceVersion "2"]
[SourceVersionDate "1999.07.01"]
[SourceQuality "1"]

1. d4 Nf6 2. c4 e6 3. Nf3 d5 4. Nc3 Be7 5. Bg5 h6 6. Bxf6 Bxf6 7. Qb3 c6 8. e3 Nd7 9. Rd1 O-O 10. Bd3 b6 11. cxd5 cxd5 12. e4 dxe4 13. Bxe4 Rb8 14. O-O b5 $146 ({RR} 14... a6 15. Rfe1 Bb7 16. Bxb7 Rxb7 17. Ne4 Qb8 {½-½ (17) Kurtenkov,A (2300)-Popchev,M (2300) Albena 1985}) 15. Rfe1 Qb6 16. Bb1 Bb7 17. Qc2 g6 18. d5 exd5 19. Nxd5 Bxd5 20. Rxd5 Rfd8 1/2-1/2